Vývoj priemernej hrubej mzdy v roku 2009 v dôsledku svetovej finančnej krízy v podmienkach SR

Dôsledok reštriktívnych opatrení v jednotlivých podnikoch - znižovanie hrubých miezd a prepúšťanie pracovníkov. Vývoj ceny práce v podmienkach Slovenskej republiky a jej možný vývoj v roku 2009, ktorý je ovplyvnený dopadmi svetovej finančnej krízy. Prechodné zníženie mzdových nákladov. Znižovanie pr...

Ausführliche Beschreibung

Gespeichert in:
Bibliographische Detailangaben
1. Verfasser: Kintler, Jakub, 1979-
Weitere Verfasser: Juriková, Benita, 1973-
Format: Buchkapitel
Sprache:Slowakisch
Schlagworte:
Tags: Tag hinzufügen
Keine Tags, Fügen Sie das erste Tag hinzu!

MARC

LEADER 00000nla$a2200000$$$4500
001 0098398
005 20240502072103.7
041 0 |a slo 
044 |a SK 
245 1 0 |a Vývoj priemernej hrubej mzdy v roku 2009 v dôsledku svetovej finančnej krízy v podmienkach SR  |c Jakub Kintler, Benita Juriková 
520 |a Dôsledok reštriktívnych opatrení v jednotlivých podnikoch - znižovanie hrubých miezd a prepúšťanie pracovníkov. Vývoj ceny práce v podmienkach Slovenskej republiky a jej možný vývoj v roku 2009, ktorý je ovplyvnený dopadmi svetovej finančnej krízy. Prechodné zníženie mzdových nákladov. Znižovanie priemerného hrubého mesačného príjmu domácností a rastúca miera nezamestnanosti. 
610 2 0 |a mzdy priemerné 
610 2 0 |a cena práce 
610 2 0 |a práca 
610 2 0 |a trh práce 
610 2 0 |a kríza finančná 
610 2 0 |a náklady 
610 2 0 |a firmy 
610 2 0 |a prepúšťanie pracovníkov 
610 2 0 |a Slovensko 
100 1 |a Kintler, Jakub, 1979- 
700 1 |a Juriková, Benita, 1973-